ბათუმის შოთა რუსთაველის სახელმწიფო უნივერსიტეტის ბიბლიოთეკა

ჯაყოს ხიზნები ; თეთრი საყელო ; გივი შადური : (ბიბ.ჩანაწერი № 49062)

000 -ლიდერი
ფიქსირებული სიგრძის საკონტროლო ველი 01292nam a2200277Ia 4500
001 - საკონტროლო ნომერი
საკონტროლო ველი 15968
003 - საკონტროლო ნომრის იდენტიფიკატორი
საკონტროლო ველი GE_BSU
005 - ბოლო ოპერაციის თარიღი და დრო
საკონტროლო ველი 20230616154041.0
008 - ფიქსირებული სიგრძის მონაცემთა ელემენტები - ზოგადი ინფორმაცია
ფიქსირებული სიგრძის საკონტროლო ველი 181216s1985||||geo|||||||||||||| ||geo||
040 ## - კატალოგიზაციის წყარო
Transcribing agency GE_BSU
041 ## - ენის კოდი
Language code of text/sound track or separate title geo
080 ## - უნივერსალური ათობითი კლასიფიკაციის ინდექსი
Universal Decimal Classification number 821.353.1-31 ჯ-14
100 ## - მთავარი ჩანაწერი - პიროვნების სახელი
Personal name ჯავახიშვილი, მ. (მიხეილ, 1880-1937)
9 (RLIN) 18780
245 ## - ცნობა სათაურის შესახებ
Title ჯაყოს ხიზნები ; თეთრი საყელო ; გივი შადური :
Remainder of title რომანები /
Statement of responsibility, etc რედ. მ. სანადირაძე ; მხტ. სპ. ცინცაძე.
264 ## - წარმოების, გამოცემის, დისტრიბუციის და სხვა ცნობები
გამოცემის, წარმოების, დისტრიბუციის... ადგილი თბილისი ;
გამოცემის, წარმოების, დისტრიბუციის... სახელწოდება მერანი,
გამოცემის, წარმოების, დისტრიბუციის... თარიღი 1985.
300 ## - ფიზიკური აღწერა
Extent 607 გვ. :
Other physical details ილ. ;
Dimensions 22 სმ
490 ## - სერიის ცნობა
Series statement ქართული საბჭოთა რომანი
501 ## - შენიშვნა თანმხლებ მასალაზე
With note წინასიტყვ. გამომცემლობისაგან გვ. 5-6
653 ## - INDEX TERM--UNCONTROLLED
Uncontrolled term რომანები
653 ## - INDEX TERM--UNCONTROLLED
Uncontrolled term ჯაყოს ხიზნები
653 ## - INDEX TERM--UNCONTROLLED
Uncontrolled term თეთრი საყელო
653 ## - INDEX TERM--UNCONTROLLED
Uncontrolled term გივი შადური
700 ## - ADDED ENTRY--PERSONAL NAME
Personal name სანადირაძე, მ.
Relator term რედაქტორი
9 (RLIN) 4750
700 ## - ADDED ENTRY--PERSONAL NAME
Personal name ცინცაძე, სპ.
Relator term მხატვარი
9 (RLIN) 3670
942 ## - ADDED ENTRY ELEMENTS (KOHA)
Koha item type წიგნი
Source of classification or shelving scheme
ეგზემპლარები
ჩამოწერის სტატუსი დაკარგული ეგზემპლარის სტატუსი კლასიფიკაციის წყარო ან თაროზე გაწყობის სქემა დაზიანების სტატუსი არ გაიცემა მუდმივი მდებარეობა (დაცვის ადგილი) ამჟამინდელი ადგილსამყოფელი თაროზე განთავსების ადგილი შეძენის თარიღი ღირებულება, შესყიდვის ნორმალური ფასი სრული შენახვის შიფრი შტრიხკოდი ბოლო ოპერაციის თარიღი ეგზემპლარის მიმდევრობითი ნომერი (კეტერი?) ფასის ძალაში შესვლის თარიღი ეგზემპლარის სახეობა საჯარო შენიშვნა
          ბათუმის შოთა რუსთაველის სახელმწიფო უნივერსიტეტის მთავარი ბიბლიოთეკა ბათუმის შოთა რუსთაველის სახელმწიფო უნივერსიტეტის მთავარი ბიბლიოთეკა წიგნსაცავი 2018-12-17 5.00 821.353.1-31 ჯ-14 39813 2018-12-17 39813 2018-12-17 წიგნი 5.00 ₾.
          ბათუმის შოთა რუსთაველის სახელმწიფო უნივერსიტეტის მთავარი ბიბლიოთეკა ბათუმის შოთა რუსთაველის სახელმწიფო უნივერსიტეტის მთავარი ბიბლიოთეკა წიგნსაცავი 2018-12-17 10.00 821.353.1-31 ჯ-14 58423 2018-12-17 58423 2018-12-17 წიგნი 10.00 ₾.